Mi-Lou : poetry and the labyrinth of desire /

Bibliographic Details
Main Author: Owen, Stephen, 1946-
Format: Book
Language:English
Published: Cambridge, Mass. : Harvard University Press, 1989.
Series:Harvard studies in comparative literature ; 39.
Subjects:

MARC

Tag First Indicator Second Indicator Subfields
LEADER 00000cam a2200000 a 4500
001 in00000788621
005 20151017060757.0
008 880921s1989 mau b 00110 eng
010 |a  88028393  
020 |a 0674572750 (alk. paper) 
035 |a (OCoLC)18557801 
035 |9 ADM4687AM 
040 |a DLC  |c DLC  |d TXA  |d UtOrBLW 
049 |a TXAM  |c [A12348364] 
050 0 0 |a PN1076  |b .O94 1989 
082 0 |a 809.1  |2 19 
100 1 |a Owen, Stephen,  |d 1946- 
245 1 0 |a Mi-Lou :  |b poetry and the labyrinth of desire /  |c Stephen Owen. 
264 1 |a Cambridge, Mass. :  |b Harvard University Press,  |c 1989. 
300 |a 220 pages ;  |c 25 cm. 
336 |a text  |b txt  |2 rdacontent 
337 |a unmediated  |b n  |2 rdamedia 
338 |a volume  |b nc  |2 rdacarrier 
490 1 |a Harvard studies in comparative literature,  |v 39 
504 |a Bibliography: pages [209]-216. 
500 |a Includes index. 
650 0 |a Poetry  |x History and criticism. 
650 0 |a Love in literature. 
650 0 |a Desire in literature. 
830 0 |a Harvard studies in comparative literature ;  |v 39. 
999 |a MARS 
999 f f |s b9028df3-c656-3297-8366-117e05c9c6f9  |i 1418f1ba-84f4-3f78-8497-9c29944f54a9  |t 0 
952 f f |p ric  |a Texas A&M University  |b Rellis Campus  |c Joint Library Facility  |d Remote Storage  |t 0  |e PN1076 .O94 1989  |h Library of Congress classification  |i unmediated -- volume  |m A14812348364 
998 f f |a PN1076 .O94 1989  |t 0  |l Remote Storage